[Event "7th Asrian Memorial 2014"]
[Site "Jermuk ARM"]
[Date "2014.06.23"]
[Round "8.1"]
[White "Hovhannisyan, Robert"]
[Black "Pashikian, Arman"]
[Result "1/2-1/2"]
[WhiteTitle "GM"]
[BlackTitle "GM"]
[WhiteElo "2601"]
[BlackElo "2630"]
[WhiteFideId "13302507"]
[BlackFideId "13301578"]
[EventDate "2014.06.16"]

1. e4 e5 2. Nf3 Nc6 3. Bb5 Nf6 4. d3 Bc5 5. O-O Nd4 6. Nxd4 Bxd4 7. c3 Bb6 8.
Bg5 h6 9. Bh4 c6 10. Bc4 d6 11. Nd2 g5 12. Bg3 Bg4 13. Qb3 O-O 14. h3 Bh5 15.
Qc2 Bg6 16. Bb3 Nh5 17. Bh2 Nf4 18. Nc4 Bc7 19. Ne3 Qf6 20. Rad1 h5 21. Rfe1
Rad8 22. Rd2 Rfe8 23. Qd1 Kg7 24. Qf3 d5 25. Red1 d4 26. Nc2 dxc3 27. bxc3 Ba5
28. Nb4 c5 29. Nd5 Nxd5 30. Bxd5 Qxf3 31. gxf3 Bxc3 32. Rc2 Bd4 33. h4 f6 34.
Bxb7 Bf7 35. Bc6 Re7 36. Rdc1 Rb8 37. hxg5 fxg5 38. Rxc5 Bxa2 39. Bd5 Bxc5 40.
Rxc5 Bxd5 41. Rxd5 Kf6 42. d4 Rb1+ 43. Kg2 exd4 44. Rxd4 a5 45. f4 gxf4 46. Bxf4
Rb4 47. Rd6+ Re6 48. Bg5+ Kf7 49. Rd7+ Kg6 50. Bd2 Rb5 51. Ra7 Ree5 52. Bc3 Rec5
53. Bd2 h4 54. Kh3 Rh5 55. f3 Rb3 56. Ra6+ Kf7 57. Rxa5 Rxf3+ 58. Kg4 Rxa5 59.
Bxa5 Ra3 60. Be1 Re3 1/2-1/2

[Event "7th Asrian Memorial 2014"]
[Site "Jermuk ARM"]
[Date "2014.06.23"]
[Round "8.2"]
[White "Grigoryan, Karen H."]
[Black "Mkrtchian, Lilit"]
[Result "1-0"]
[WhiteTitle "GM"]
[BlackTitle "IM"]
[WhiteElo "2577"]
[BlackElo "2456"]
[WhiteFideId "13301004"]
[BlackFideId "13300601"]
[EventDate "2014.06.16"]

1. e4 e6 2. d3 d5 3. Nd2 Nf6 4. Ngf3 c5 5. g3 g6 6. Bg2 Bg7 7. O-O O-O 8. Re1
Nc6 9. c3 a5 10. h4 a4 11. a3 Ng4 12. Nf1 dxe4 13. Rxe4 Nge5 14. Nxe5 Nxe5 15.
Re3 Qd6 16. f4 Nc6 17. Nd2 Ne7 18. Ne4 Qc7 19. h5 Bd7 20. hxg6 hxg6 21. g4 Nd5
22. Rf3 Nf6 23. Rh3 Rfd8 24. Qe2 Bb5 25. f5 exf5 26. gxf5 Nxe4 27. Bxe4 gxf5 28.
Bxf5 Ra6 29. Bg5 Rd5 30. Rf1 Rg6 31. Qh5 Rxf5 32. Rxf5 Qd6 33. Qh7+ Kf8 34. Rhf3
Be8 35. Kf1 Qb6 36. Be3 Rc6 37. Rg3 Bf6 38. Qg8+ Ke7 39. Bxc5+ Rxc5 40. Re3+ 1-0

[Event "7th Asrian Memorial 2014"]
[Site "Jermuk ARM"]
[Date "2014.06.23"]
[Round "8.3"]
[White "Aghasaryan, Robert"]
[Black "Petrosian, Davit G."]
[Result "1-0"]
[WhiteTitle "GM"]
[BlackTitle "GM"]
[WhiteElo "2502"]
[BlackElo "2425"]
[WhiteFideId "13302841"]
[BlackFideId "13301349"]
[EventDate "2014.06.16"]

1. d4 Nf6 2. g3 g6 3. Bg2 Bg7 4. e4 d6 5. Ne2 Nc6 6. Nbc3 O-O 7. h3 e5 8. Be3
exd4 9. Nxd4 Nxd4 10. Bxd4 c5 11. Be3 Qb6 12. Rb1 Qa6 13. Qe2 Qxe2+ 14. Kxe2 b6
15. e5 Ba6+ 16. Ke1 dxe5 17. Bxa8 Rxa8 18. f3 e4 19. Kf2 exf3 20. Rhe1 Bc8 21.
g4 Be6 22. Bf4 Nd5 23. Nxd5 Bxd5 24. a3 Bd4+ 25. Be3 Bf6 26. g5 Bg7 27. c3 Bb3
28. Kxf3 f6 29. h4 Rf8 30. Kg2 Bc2 31. Rbc1 Be4+ 32. Kg1 Bd3 33. Rcd1 c4 34. Bd4
fxg5 35. Bxg7 Kxg7 36. hxg5 Rf5 37. Re7+ Kg8 38. Rde1 Rxg5+ 39. Kh2 Rf5 40. Rxa7
Rf7 41. Re8+ Kg7 42. Ree7 Rxe7 43. Rxe7+ Kh6 44. Rb7 Be4 45. Rxb6 Kg5 46. a4 Kf4
47. a5 g5 48. a6 g4 49. a7 1-0

[Event "7th Asrian Memorial 2014"]
[Site "Jermuk ARM"]
[Date "2014.06.23"]
[Round "8.4"]
[White "Hayrapetyan, Hovik"]
[Black "Babujian, Levon"]
[Result "1-0"]
[WhiteTitle "GM"]
[BlackTitle "GM"]
[WhiteElo "2420"]
[BlackElo "2482"]
[WhiteFideId "13302639"]
[BlackFideId "13301993"]
[EventDate "2014.06.16"]

1. d4 Nf6 2. Nf3 e6 3. e3 c5 4. Bd3 d5 5. b3 Nc6 6. O-O b6 7. Bb2 Bd6 8. Ne5 Bb7
9. Nd2 O-O 10. f4 Nb4 11. Be2 Ne4 12. a3 Na6 13. Nxe4 dxe4 14. dxc5 Bxc5 15. Nd7
Bxe3+ 16. Kh1 Nc5 17. Nxf8 Qxf8 18. Qe1 e5 19. Bxe5 Nd7 20. Bb5 Nxe5 21. fxe5
Bd4 22. Rd1 Bxe5 23. Rd7 Qe8 24. c4 Qc8 25. Qh4 a6 26. Qe7 axb5 27. Rxf7 Kh8 28.
Qxe5 1-0

[Event "7th Asrian Memorial 2014"]
[Site "Jermuk ARM"]
[Date "2014.06.23"]
[Round "8.5"]
[White "Mikaelyan, Arman"]
[Black "Harutyunian, Tigran K."]
[Result "0-1"]
[BlackTitle "IM"]
[WhiteElo "2281"]
[BlackElo "2436"]
[WhiteFideId "13304852"]
[BlackFideId "13303635"]
[EventDate "2014.06.16"]

1. c4 e6 2. Nf3 Nf6 3. g3 d5 4. cxd5 exd5 5. Bg2 Be7 6. O-O O-O 7. d3 c5 8. Bf4
Nc6 9. Ne5 Nd4 10. Nc3 Bd6 11. e3 Ne6 12. Nf3 Nxf4 13. exf4 Qb6 14. Qc2 Re8 15.
Rfe1 Bd7 16. Ne5 Be6 17. Re2 Rac8 18. Rae1 d4 19. Nb1 Qa6 20. b3 Bc7 21. Nd2 Ba5
22. Rc1 Bf5 23. Ne4 Bxe4 24. Bxe4 Nxe4 25. Rxe4 Bc3 26. a4 Re6 27. Nc4 Rce8 28.
Re5 Qc6 29. Qe2 f6 30. Rxe6 Rxe6 31. Qh5 b6 32. Rd1 a6 33. Rf1 Bb4 34. Qd1 Qd5
35. h4 b5 36. axb5 axb5 37. Nd2 Bxd2 38. Qxd2 Qxb3 39. Qa5 Re8 40. Rc1 Qxd3 41.
Rxc5 Qb1+ 42. Kh2 Qf1 43. Qxb5 Qxf2+ 44. Kh3 Qe1 45. Qc4+ Kh8 46. h5 Qh1+ 47.
Kg4 Qd1+ 48. Kh3 d3 49. Rc8 Qxh5+ 50. Kg2 Qe2+ 51. Kg1 Qe3+ 52. Kg2 d2 53. Qc6
Qe2+ 54. Kh3 Rg8 55. Rxg8+ Kxg8 56. Qd5+ Kf8 57. Qc5+ Kf7 58. Qa7+ Kg6 59. f5+
Kh6 60. Qd4 Qh5+ 0-1

[Event "7th Asrian Memorial 2014"]
[Site "Jermuk ARM"]
[Date "2014.06.23"]
[Round "8.6"]
[White "Simonyan, Latush"]
[Black "Ter-Sahakyan, Samvel"]
[Result "0-1"]
[BlackTitle "GM"]
[WhiteElo "1820"]
[BlackElo "2587"]
[WhiteFideId "13307444"]
[BlackFideId "13302531"]
[EventDate "2014.06.16"]

1. e4 c5 2. Nf3 d6 3. d4 cxd4 4. Nxd4 Nf6 5. Nc3 a6 6. Bg5 Nbd7 7. f4 Qc7 8. Qf3
h6 9. Bxf6 Nxf6 10. f5 Qc5 11. O-O-O g5 12. Be2 Bg7 13. Kb1 Bd7 14. g4 O-O-O 15.
Nb3 Qe5 16. Rd4 Bc6 17. Rc4 Kb8 18. Nd4 Bxe4 19. Nxe4 Nxe4 20. Nc6+ bxc6 21.
Rb4+ Kc7 22. Qxe4 Rb8 23. Qxe5 Bxe5 24. Rxb8 Rxb8 25. b3 Rb4 26. c4 Bf6 27. Kc2
a5 28. a3 Rb8 29. Rd1 Ra8 30. h3 Kb6 31. Bf3 Kc5 32. Kd3 Bb2 33. Re1 Ra7 34. b4+
axb4 35. axb4+ Kxb4 36. Bxc6 Ra3+ 37. Kc2 Be5 38. Bd5 Rc3+ 39. Kd2 Rxh3 40. Rb1+
Kc5 41. Bxf7 Rg3 42. Rb5+ Kd4 43. Rd5+ Ke4 44. Bh5 Rg2+ 45. Kd1 Bd4 46. Bg6 Ke3
47. f6 Bxf6 48. Bf5 Bd4 49. Ra5 Bc5 50. Rb5 Kd4 51. Be6 Ke5 52. Bd7 Rf2 53. Rb8
Kd4 54. Be6 Rf6 55. Bg8 e5 56. Ke2 Kc3 57. Bd5 Rf2+ 58. Ke1 Rf4 59. Be6 e4 60.
Rh8 Kd3 0-1

[Event "7th Asrian Memorial 2014"]
[Site "Jermuk ARM"]
[Date "2014.06.23"]
[Round "8.7"]
[White "Bagaturov, Giorgi"]
[Black "Bakunts, Rafael"]
[Result "1/2-1/2"]
[WhiteTitle "GM"]
[WhiteElo "2427"]
[BlackElo "2271"]
[WhiteFideId "13600133"]
[BlackFideId "13304097"]
[EventDate "2014.06.16"]

1. Nf3 Nf6 2. c4 g6 3. g3 Bg7 4. Bg2 O-O 5. O-O c6 6. Nc3 d5 7. cxd5 cxd5 8. d4
e6 9. Bf4 Nc6 10. Rc1 Bd7 11. Qd3 Rc8 12. Rfd1 Qe7 13. a3 Rfd8 14. b4 Be8 15. h3
h6 16. Nd2 Ne4 17. Ndxe4 dxe4 18. Qxe4 Rxd4 19. Rxd4 Nxd4 20. Be5 Bxe5 21. Qxe5
Nb5 22. a4 Nxc3 23. Rxc3 Rxc3 24. Qxc3 Bxa4 1/2-1/2

[Event "7th Asrian Memorial 2014"]
[Site "Jermuk ARM"]
[Date "2014.06.23"]
[Round "8.8"]
[White "Tutisani, Noe"]
[Black "Torosyan, Norayr"]
[Result "1/2-1/2"]
[WhiteElo "2115"]
[BlackElo "2322"]
[WhiteFideId "13602853"]
[BlackFideId "13300431"]
[EventDate "2014.06.16"]

1. e4 c6 2. d4 d5 3. Nd2 dxe4 4. Nxe4 Nd7 5. Nf3 Ngf6 6. Ng3 e6 7. Bd3 Be7 8.
O-O O-O 9. b3 b6 10. Bb2 Bb7 11. c4 Qc7 12. Qe2 Rfe8 13. Ne5 c5 14. dxc5 Nxe5
15. Qxe5 Qxe5 16. Bxe5 Nd7 17. Bd6 Nxc5 18. Bxe7 Nxd3 19. Ba3 Rad8 20. Rad1 g6
21. f3 f5 22. Ne2 e5 23. Nc1 Nf4 24. Bb2 Rxd1 25. Rxd1 e4 26. fxe4 Bxe4 27. g3
Nh3+ 28. Kf1 Kf7 29. Nd3 Ng5 30. Ne5+ Ke6 31. h4 Nf3 32. Nxf3 Bxf3 33. Rd4 Be4
34. Bc1 Re7 35. Bf4 Rd7 36. Rxd7 Kxd7 37. Ke2 Bb1 38. Kd2 Be4 1/2-1/2

[Event "7th Asrian Memorial 2014"]
[Site "Jermuk ARM"]
[Date "2014.06.23"]
[Round "8.9"]
[White "Kalashian, David"]
[Black "Tabatabaei, M.amin"]
[Result "0-1"]
[WhiteTitle "IM"]
[BlackTitle "FM"]
[WhiteElo "2395"]
[BlackElo "2345"]
[WhiteFideId "13302418"]
[BlackFideId "12521213"]
[EventDate "2014.06.16"]

1. d4 Nf6 2. c4 e6 3. Nf3 Bb4+ 4. Bd2 Qe7 5. Nc3 b6 6. e3 Bb7 7. Bd3 O-O 8. Qc2
d5 9. cxd5 exd5 10. O-O a6 11. Ne5 Nbd7 12. f4 Bxc3 13. Qxc3 Nxe5 14. dxe5 Ne4
15. Bxe4 dxe4 16. f5 Rfd8 17. f6 Qd7 18. Be1 g6 19. Qc2 Bd5 20. Rd1 c5 21. h3
Qe6 22. Bc3 a5 23. Qf2 h6 24. Qg3 Bc4 25. Rxd8+ Rxd8 26. Rf4 Kh7 27. b3 Bd5 28.
Kh2 b5 29. Bxa5 Rc8 30. Bc3 b4 31. Ba1 Ra8 32. Rf2 c4 33. bxc4 Bxc4 34. Rb2 b3
35. Rd2 Bd3 36. a4 Rxa4 37. Bd4 Rc4 38. Qe1 Qc6 39. Qg1 Ra4 40. Qe1 Rc4 41. Rb2
Qd5 42. Rf2 Rxd4 43. exd4 Qxd4 44. e6 b2 45. Rxb2 Qxb2 46. e7 Qe5+ 47. Kh1 Bb5
48. Qe3 Bc6 49. Qf2 e3 50. Qe2 Bb5 51. Qe1 e2 0-1

[Event "7th Asrian Memorial 2014"]
[Site "Jermuk ARM"]
[Date "2014.06.23"]
[Round "8.10"]
[White "Gharagyozyan, Artur"]
[Black "Kotanjian, Tigran"]
[Result "1-0"]
[BlackTitle "GM"]
[WhiteElo "2194"]
[BlackElo "2546"]
[WhiteFideId "13303279"]
[BlackFideId "13301250"]
[EventDate "2014.06.16"]

1. e4 c5 2. Nf3 e6 3. d4 cxd4 4. Nxd4 Nf6 5. Nc3 d6 6. Be3 a6 7. f3 h5 8. Qd2
Nbd7 9. O-O-O b5 10. Kb1 Bb7 11. h3 h4 12. Bg5 Be7 13. Qe1 Rc8 14. Bxh4 Nxe4 15.
Nxe4 Rxh4 16. g3 Rh6 17. Rh2 d5 18. Nf2 Qc7 19. Ng4 Rh5 20. f4 Nc5 21. Be2 Ne4
22. Bf3 Bc5 23. h4 Qb6 24. Nb3 Be7 25. Nf2 Nxf2 26. Rxf2 Rh6 27. f5 exf5 28. Nd4
Kf8 29. Re2 Re8 30. Re5 Qd8 31. Nxf5 Re6 32. Rxe6 fxe6 33. Nd4 Qb6 34. Nxe6+ Kg8
35. Nf4 Qd8 36. Qe6+ Kh8 37. Ng6+ Kh7 38. Qf5 1-0

[Event "7th Asrian Memorial 2014"]
[Site "Jermuk ARM"]
[Date "2014.06.23"]
[Round "8.11"]
[White "Sibashvili, Giorgi"]
[Black "Nadanian, Ashot"]
[Result "1-0"]
[BlackTitle "IM"]
[WhiteElo "2274"]
[BlackElo "2416"]
[WhiteFideId "13602799"]
[BlackFideId "13300393"]
[EventDate "2014.06.16"]

1. d4 d5 2. Nf3 e6 3. c4 c5 4. cxd5 exd5 5. g3 Nc6 6. Bg2 Nf6 7. O-O Be7 8. dxc5
Bxc5 9. Nc3 O-O 10. Bg5 d4 11. Bxf6 Qxf6 12. Ne4 Qe7 13. Nxc5 Qxc5 14. Qd2 Bf5
15. Qg5 h6 16. Qh5 Qc2 17. Rac1 Bg6 18. Qb5 Qf5 19. Qxb7 Na5 20. Qa6 Rad8 21. b4 1-0

[Event "7th Asrian Memorial 2014"]
[Site "Jermuk ARM"]
[Date "2014.06.23"]
[Round "8.12"]
[White "Sargsyan, Shant"]
[Black "Petrosyan, Manuel"]
[Result "0-1"]
[WhiteTitle "CM"]
[BlackTitle "FM"]
[WhiteElo "2095"]
[BlackElo "2378"]
[WhiteFideId "13306766"]
[BlackFideId "13300857"]
[EventDate "2014.06.16"]

1. d4 Nf6 2. c4 e6 3. Nc3 Bb4 4. Qc2 Nc6 5. Nf3 d6 6. a3 Bxc3+ 7. Qxc3 a5 8. b3
O-O 9. Bb2 Re8 10. g3 e5 11. dxe5 dxe5 12. Bg2 Bg4 13. O-O Qc8 14. b4 Ne4 15.
Qc2 Bf5 16. Qb3 f6 17. Rfd1 Nd6 18. Rac1 Be6 19. Nd2 Ne7 20. b5 c5 21. Ne4 Nxe4
22. Bxe4 Nf5 23. Qf3 Rb8 24. e3 b6 25. Rd2 Ne7 26. Qh5 Bg4 27. Qh4 h5 28. f4 Nf5
29. Bxf5 Qxf5 30. h3 Bf3 31. Rf2 e4 32. g4 hxg4 33. hxg4 Qxg4+ 34. Qxg4 Bxg4 35.
Kh2 Kf7 36. Kg3 Bf3 37. Bc3 Rbd8 38. Rh2 Rh8 39. Rxh8 Rxh8 40. Rb1 Rd8 41. Kf2
Rd3 42. Rc1 Ke6 43. Rc2 Bd1 44. Rc1 a4 45. Ke1 Bg4 46. Kf2 Bf3 47. Rc2 Bd1 48.
Rc1 Bb3 49. Be1 Ba2 50. Bc3 g6 51. Be1 Ke7 52. Bc3 Kf7 53. Be1 Ke6 54. Bc3 Bb3
55. Be1 Rd1 56. Rxd1 Bxd1 57. f5+ gxf5 58. Kg2 Bb3 59. Bg3 Kd7 0-1

[Event "7th Asrian Memorial 2014"]
[Site "Jermuk ARM"]
[Date "2014.06.23"]
[Round "8.13"]
[White "Hambardzumian, Yuri"]
[Black "Hoghmrtsyan, Artur"]
[Result "1-0"]
[WhiteTitle "IM"]
[WhiteElo "2336"]
[BlackElo "1912"]
[WhiteFideId "13302795"]
[BlackFideId "13306685"]
[EventDate "2014.06.16"]

1. d4 Nf6 2. c4 g6 3. Nc3 Bg7 4. Nf3 O-O 5. Bf4 d6 6. e3 Nfd7 7. h3 e5 8. Bh2
Nc6 9. Be2 exd4 10. exd4 Re8 11. O-O Nf6 12. d5 Nb4 13. Rc1 Bh6 14. Ra1 Nh5 15.
a3 Na6 16. b4 Qf6 17. Nb5 Bf4 18. Re1 Bxh2+ 19. Kxh2 Nf4 20. Bf1 Rxe1 21. Nxe1
Bd7 22. Qd4 Qxd4 23. Nxd4 Re8 24. Rc1 c5 25. dxc6 bxc6 26. g3 Ne6 27. Ndf3 Bc8
28. Nc2 c5 29. Bg2 Bb7 30. Nd2 Bxg2 31. Kxg2 Rd8 32. Ne4 f5 33. Nc3 Nec7 34. b5
Nb8 35. a4 Nd7 36. Ne3 Kf7 37. Rd1 Ke6 38. Ncd5 Nxd5 39. Nxd5 Kf7 40. a5 Ne5 41.
Ne3 g5 42. f4 gxf4 43. gxf4 Ng6 44. Nxf5 Nxf4+ 45. Kf3 Ng6 46. Rxd6 Rxd6 47.
Nxd6+ Ke6 48. b6 Ne5+ 49. Ke4 Nc6 50. bxa7 Nxa7 51. Nb7 Nc6 52. a6 Na7 53. h4 1-0

[Event "7th Asrian Memorial 2014"]
[Site "Jermuk ARM"]
[Date "2014.06.23"]
[Round "8.14"]
[White "Martirosyan, Haik M."]
[Black "Matevosyan, Sedrak"]
[Result "1-0"]
[WhiteTitle "FM"]
[WhiteElo "2311"]
[BlackElo "2233"]
[WhiteFideId "13306553"]
[BlackFideId "13302035"]
[EventDate "2014.06.16"]

1. d4 Nf6 2. c4 e6 3. Nf3 b6 4. g3 Ba6 5. Qc2 Bb7 6. Bg2 c5 7. d5 exd5 8. cxd5
Nxd5 9. Qb3 Nc7 10. Ne5 d5 11. Nc3 Bd6 12. Nxf7 Kxf7 13. Nxd5 c4 14. Qxc4 Ne6
15. Nf4 Bxf4 16. Bxb7 Bxc1 17. Rxc1 Nd7 18. Bxa8 Qxa8 19. O-O Nf6 20. f4 Qd5 21.
Qxd5 Nxd5 22. e4 Ne7 23. Rfd1 Rd8 24. Rxd8 Nxd8 25. Kf2 Ne6 26. b4 a5 27. bxa5
bxa5 28. Ke3 Ke8 29. f5 Nd8 30. g4 Ndc6 31. Rc5 Kd7 32. e5 a4 33. Ke4 Kc7 34.
Rc4 Nc8 35. g5 Kd7 36. Rxa4 Nb6 37. Ra6 Nc8 38. h4 N8e7 39. f6 gxf6 40. gxf6 Nc8
41. Rxc6 1-0

[Event "7th Asrian Memorial 2014"]
[Site "Jermuk ARM"]
[Date "2014.06.23"]
[Round "8.15"]
[White "Baghdasaryan, Vahe"]
[Black "Barseghyan, Harutyun"]
[Result "1/2-1/2"]
[WhiteTitle "IM"]
[WhiteElo "2370"]
[BlackElo "2085"]
[WhiteFideId "13303139"]
[BlackFideId "13304585"]
[EventDate "2014.06.16"]

1. e4 e6 2. d4 d5 3. Nc3 Bb4 4. a3 Bxc3+ 5. bxc3 dxe4 6. Qg4 Nf6 7. Qxg7 Rg8 8.
Qh6 Nbd7 9. Ne2 b6 10. Ng3 Bb7 11. Bb5 c6 12. Be2 Qe7 13. a4 Rg6 14. Qf4 Nd5 15.
Qd2 Qh4 16. c4 e3 17. fxe3 Rxg3 18. O-O Nxe3 19. hxg3 Nxf1 20. Bxf1 Qxg3 21. Ra3
Qd6 22. Rh3 c5 23. d5 O-O-O 24. Rxh7 Ne5 25. Qg5 exd5 26. Bf4 Re8 27. cxd5 Qxd5
28. Qf5+ Qd7 29. Qxd7+ Kxd7 30. Bb5+ Bc6 31. Bxe5 Bxb5 32. axb5 Rxe5 33. Rxf7+
Kd6 34. c4 Re4 35. Rxa7 Rxc4 36. Rb7 Rc1+ 37. Kf2 c4 38. Rxb6+ Kc5 39. Rb8 c3
40. Ke3 Rg1 41. Rc8+ Kxb5 42. Kf2 Rc1 43. g4 Kb4 44. g5 Ra1 45. g6 Ra7 46. Ke3
Kb3 47. Ke4 c2 48. Kf5 Kb2 49. Kf6 1/2-1/2

[Event "7th Asrian Memorial 2014"]
[Site "Jermuk ARM"]
[Date "2014.06.24"]
[Round "9.1"]
[White "Aghasaryan, Robert"]
[Black "Grigoryan, Karen H."]
[Result "1/2-1/2"]
[WhiteTitle "GM"]
[BlackTitle "GM"]
[WhiteElo "2502"]
[BlackElo "2577"]
[WhiteFideId "13302841"]
[BlackFideId "13301004"]
[EventDate "2014.06.16"]

1. d4 d5 2. c4 dxc4 3. Nf3 Nf6 4. e3 e6 5. Bxc4 c5 6. O-O a6 7. dxc5 Bxc5 8.
Qxd8+ Kxd8 9. Be2 Nc6 10. Nc3 Ke7 11. Bd2 1/2-1/2

[Event "7th Asrian Memorial 2014"]
[Site "Jermuk ARM"]
[Date "2014.06.24"]
[Round "9.3"]
[White "Hovhannisyan, Robert"]
[Black "Hayrapetyan, Hovik"]
[Result "1-0"]
[WhiteTitle "GM"]
[BlackTitle "GM"]
[WhiteElo "2601"]
[BlackElo "2420"]
[WhiteFideId "13302507"]
[BlackFideId "13302639"]
[EventDate "2014.06.16"]

1. e4 c5 2. Nf3 e6 3. g3 Nc6 4. Bg2 Nf6 5. Qe2 d6 6. O-O Be7 7. e5 dxe5 8. Nxe5
Nxe5 9. Qxe5 Bd6 10. Qe2 Rb8 11. d3 O-O 12. Nc3 a6 13. Rd1 e5 14. Bg5 h6 15.
Bxf6 Qxf6 16. Re1 Re8 17. a4 Bd7 18. a5 Qd8 19. Ne4 Bf5 20. Ra4 Bxe4 21. Bxe4
Qd7 22. b3 f5 23. Bg2 Qf7 24. Bf3 Re7 25. h4 g6 26. h5 g5 27. g4 f4 28. Be4 Kg7
29. Qf3 Qf6 30. Rc4 Kh8 31. c3 Rc7 32. Rb1 Bf8 33. Kg2 Qd8 34. Qe2 Qe7 35. Rb2
Qf7 36. Bf3 Re8 37. Re4 Bd6 38. Rb1 Ree7 39. Rc4 Kg7 40. Be4 Qe6 41. Qf3 Kf8 42.
Bd5 Qf6 43. b4 cxb4 44. cxb4 e4 45. Bxe4 Be5 46. Rbc1 b5 47. Rc6 Rxc6 48. Rxc6
Re6 49. Rc8+ Re8 50. Rc5 Rd8 51. Bb7 Qe6 52. Bxa6 Bd4 53. Rf5+ Kg7 54. Bxb5 1-0

[Event "7th Asrian Memorial 2014"]
[Site "Jermuk ARM"]
[Date "2014.06.24"]
[Round "9.4"]
[White "Ter-Sahakyan, Samvel"]
[Black "Tabatabaei, M.amin"]
[Result "1-0"]
[WhiteTitle "GM"]
[BlackTitle "FM"]
[WhiteElo "2587"]
[BlackElo "2345"]
[WhiteFideId "13302531"]
[BlackFideId "12521213"]
[EventDate "2014.06.16"]

1. e4 e5 2. Nf3 Nc6 3. Bb5 Nf6 4. d3 Bc5 5. c3 d6 6. Bg5 O-O 7. Nbd2 h6 8. Bh4
g5 9. Bg3 Nh5 10. h3 f5 11. exf5 Nxg3 12. fxg3 Bxf5 13. Qe2 a6 14. Ba4 b5 15.
Bb3+ d5 16. O-O-O Kg7 17. g4 Bg6 18. h4 Re8 19. hxg5 hxg5 20. g3 e4 21. dxe4
dxe4 22. Nxe4 Rxe4 23. Rxd8 Rxe2 24. Rxa8 Rf2 25. Nd4 Nxd4 26. Rg8+ Kf6 27. cxd4
Bb4 28. Rh6 1-0

[Event "7th Asrian Memorial 2014"]
[Site "Jermuk ARM"]
[Date "2014.06.24"]
[Round "9.5"]
[White "Babujian, Levon"]
[Black "Mikaelyan, Arman"]
[Result "0-1"]
[WhiteTitle "GM"]
[WhiteElo "2482"]
[BlackElo "2281"]
[WhiteFideId "13301993"]
[BlackFideId "13304852"]
[EventDate "2014.06.16"]

1. e4 e5 2. Nf3 Nc6 3. Bb5 f5 4. d3 fxe4 5. dxe4 Nf6 6. Nc3 Bc5 7. O-O d6 8. Bg5
a6 9. Bc4 Bg4 10. h3 Bxf3 11. Qxf3 Nd4 12. Qd1 b5 13. Bxf6 Qxf6 14. Nd5 Qd8 15.
c3 Ne6 16. Bb3 Qh4 17. a4 Kd7 18. axb5 Ng5 19. Kh2 Rhf8 20. f3 Bf2 21. Rxf2 Qxf2
22. f4 Rxf4 23. Nxf4 Qxf4+ 24. Kh1 Nxe4 25. Qg4+ Qxg4 26. hxg4 c6 27. Bc2 Ng5
28. bxa6 Kc7 29. Bd3 e4 30. Be2 Ne6 31. g3 d5 32. Kg2 Kb6 33. Kf2 Nc7 34. Ke3
Nxa6 35. g5 Nc7 36. Rh1 Ne6 37. Rxh7 g6 38. Bg4 Nc5 39. b4 Nd3 40. Kd4 Re8 41.
Bd7 Rf8 42. Rg7 Ne1 43. Ke3 Rf3+ 44. Kd2 Nd3 45. Bc8 Kb5 46. g4 Nf4 47. Re7 Rh3
48. Kc2 Ne2 49. Re6 Rh2 50. Rf6 Nf4+ 51. Kb3 Nd3 52. c4+ dxc4+ 53. Kc3 Nxb4 54.
Kd4 c3 55. Kxc3 e3 56. Rxg6 Nd5+ 57. Kd4 Rd2+ 58. Ke4 e2 59. Ba6+ Kxa6 60. Rxc6+
Nb6 0-1

[Event "7th Asrian Memorial 2014"]
[Site "Jermuk ARM"]
[Date "2014.06.24"]
[Round "9.6"]
[White "Mkrtchian, Lilit"]
[Black "Martirosyan, Haik M."]
[Result "1-0"]
[WhiteTitle "IM"]
[BlackTitle "FM"]
[WhiteElo "2456"]
[BlackElo "2311"]
[WhiteFideId "13300601"]
[BlackFideId "13306553"]
[EventDate "2014.06.16"]

1. c4 Nf6 2. g3 e6 3. Bg2 d5 4. Nf3 Be7 5. d4 O-O 6. Qc2 dxc4 7. Qxc4 a6 8. Bf4
Nd5 9. Nc3 Nxf4 10. gxf4 Nd7 11. Ne4 Nb6 12. Qc2 Bb4+ 13. Kf1 Nd5 14. e3 Bd7 15.
h4 f6 16. h5 Qe7 17. Nh4 Rad8 18. Ng3 Bc6 19. Kg1 Bd6 20. a3 a5 21. Be4 f5 22.
Bg2 Qf6 23. Rc1 Nxf4 24. Bxc6 bxc6 25. exf4 Bxf4 26. Rd1 Bxg3 27. fxg3 Rxd4 28.
Kg2 Rg4 29. Qc3 Qg5 30. Qb3 Re4 31. Nf3 Qh6 32. Rhe1 Kh8 33. Qd3 Rxe1 34. Rxe1
Qxh5 35. Rxe6 h6 36. Ne5 Rb8 37. Ng6+ Kh7 38. Qc3 a4 39. Nf4 Qf7 40. Rxc6 Qa2
41. Rxc7 Qxb2+ 42. Qxb2 Rxb2+ 43. Kh3 Rb3 44. Nh5 Rxa3 45. Rxg7+ Kh8 46. Rf7 Kg8
47. Rxf5 Ra1 48. Ra5 a3 49. Ra7 a2 50. Kg2 Kf8 51. Nf6 1-0

[Event "7th Asrian Memorial 2014"]
[Site "Jermuk ARM"]
[Date "2014.06.24"]
[Round "9.7"]
[White "Torosyan, Norayr"]
[Black "Bagaturov, Giorgi"]
[Result "1/2-1/2"]
[BlackTitle "GM"]
[WhiteElo "2322"]
[BlackElo "2427"]
[WhiteFideId "13300431"]
[BlackFideId "13600133"]
[EventDate "2014.06.16"]

1. e4 c5 2. Nf3 e6 3. d4 cxd4 4. Nxd4 Nc6 5. Nc3 Qc7 6. Be2 Nf6 7. O-O a6 8. Be3
Be7 9. f4 d6 10. a4 O-O 11. Kh1 Re8 12. Bf3 Nxd4 13. Qxd4 e5 14. Qd2 exf4 15.
Bxf4 Be6 16. Rfd1 Rad8 17. a5 Qc8 18. Qf2 Ng4 19. Bxg4 Bxg4 20. Rd3 Be6 21. Qg3 1/2-1/2

[Event "7th Asrian Memorial 2014"]
[Site "Jermuk ARM"]
[Date "2014.06.24"]
[Round "9.8"]
[White "Petrosian, Davit G."]
[Black "Tutisani, Noe"]
[Result "1-0"]
[WhiteTitle "GM"]
[WhiteElo "2425"]
[BlackElo "2115"]
[WhiteFideId "13301349"]
[BlackFideId "13602853"]
[EventDate "2014.06.16"]

1. e4 c5 2. d3 Nc6 3. f4 d6 4. Nf3 g6 5. g3 Bg7 6. Bg2 e5 7. O-O Nge7 8. c3 O-O
9. Na3 b6 10. f5 gxf5 11. Nh4 f4 12. gxf4 exf4 13. Nf5 Ng6 14. Qh5 Nce5 15. Bxf4
Nxf4 16. Rxf4 Bxf5 17. exf5 Rc8 18. Nc4 Qf6 19. Rh4 h6 20. Ne3 Qg5 21. Nd5 Rfe8
22. Rf1 f6 23. Nf4 c4 24. dxc4 Kh7 25. b3 Qxh5 26. Nxh5 b5 27. cxb5 Rxc3 28. Rd4
Nf7 29. Rg4 Bh8 30. a4 Re5 31. Rc4 Rxc4 32. bxc4 Rc5 33. Bd5 Ne5 34. Rc1 Nd3 35.
Rc3 Nb4 36. Be6 1-0

[Event "7th Asrian Memorial 2014"]
[Site "Jermuk ARM"]
[Date "2014.06.24"]
[Round "9.9"]
[White "Petrosyan, Manuel"]
[Black "Sibashvili, Giorgi"]
[Result "1/2-1/2"]
[WhiteTitle "FM"]
[WhiteElo "2378"]
[BlackElo "2274"]
[WhiteFideId "13300857"]
[BlackFideId "13602799"]
[EventDate "2014.06.16"]

1. Nf3 d6 2. d4 Bg4 3. g3 Bxf3 4. exf3 d5 5. f4 e6 6. Nd2 c5 7. dxc5 Bxc5 8. Bg2
Nc6 9. O-O Nf6 10. a3 O-O 11. b4 Bd4 12. Rb1 Rc8 13. c4 dxc4 14. Nxc4 b5 15. Ne3
Qb6 16. Qb3 Rfd8 17. f5 exf5 18. Nxf5 Ng4 19. Be3 Bxe3 20. fxe3 Rc7 21. Rbd1
Rxd1 22. Rxd1 g6 23. h3 Nge5 24. Bxc6 Nxc6 25. Nh6+ Kg7 26. Ng4 Ne7 27. Kh2 h5
28. Nf2 Nf5 29. Ne4 Qe6 30. Qxe6 fxe6 31. Nc5 Kf7 32. Rd3 Ke7 33. g4 hxg4 34.
hxg4 Nd6 35. Kg3 1/2-1/2